000 00658nam a2200253 i 4500
001 bgj
100 1 _aPEARSON, Ridley.
245 1 0 _aProbable Cause /
_cRidley Pearson.
260 _aNew York :
_bSt. Martin's Press,
_c1991.
300 _a401, [5] pp :
_b1 map ;
_c18 cm.
490 1 _aSt. Martin's Paperback
650 9 _aSerial murders
650 9 _aDetective and mystery stories
651 9 _aCalifornia
651 9 _aCalifornia
655 _aFiction
830 _aSt. Martin's Paperback
020 _a0312923856
040 _cBPK
041 0 _aeng
920 _a0-312-92385-6
942 _cKS
008 s uk f |000 0 eng
999 _c48539
_d48539